[Event "SVK-ch U2400"]
[Site "Liptovsky Jan"]
[Date "2025.06.14"]
[Round "5"]
[White "Kluska, Lukas"]
[Black "Moravcik, Alex"]
[Result "1/2-1/2"]
[WhiteElo "1564"]
[BlackElo "1893"]
[PlyCount "60"]
[EventDate "2025.06.12"]
[EventType "swiss"]
[EventRounds "8"]
[EventCountry "SVK"]
[SourceTitle "CB25_2025"]
[SourceDate "2025.06.18"]
[SourceVersion "1"]
[SourceVersionDate "2025.06.18"]
[SourceQuality "1"]

1. c4 Nf6 2. Nc3 g6 3. d4 Bg7 4. e4 d6 5. Nf3 0-0 6. Be2 Nbd7 7. 0-0 e5 8. d5 Nc5 9. Qc2 a5 10. Be3 Ne8 11. g3 f5 12. Bxc5 dxc5 13. Rfe1 f4 14. Nd1 g5 15. Kh1 g4 16. Nd2 f3 17. Bd3 Qg5 18. Ne3 Nd6 19. Rg1 Bd7 20. a4 Rf6 21. h4 Qh5 22. Rgd1 Rh6 23. Kh2 Rf8 24. Rh1 Qe8 25. Kg1 Rh5 26. Kf1 Bf6 27. Ke1 Qe7 28. Ndf1 Rf7 29. Kd2 Rg7 30. Kc3 Kh8 1/2-1/2

[Event "SVK-ch U2400"]
[Site "Liptovsky Jan"]
[Date "2025.06.14"]
[Round "6"]
[White "Mirek, Sebastian"]
[Black "Moravcik, Alex"]
[Result "1/2-1/2"]
[WhiteElo "1764"]
[BlackElo "1893"]
[PlyCount "50"]
[EventDate "2025.06.12"]
[EventType "swiss"]
[EventRounds "8"]
[EventCountry "SVK"]
[SourceTitle "CB25_2025"]
[SourceDate "2025.06.18"]
[SourceVersion "1"]
[SourceVersionDate "2025.06.18"]
[SourceQuality "1"]

1. e4 c5 2. Nf3 e6 3. c4 Nc6 4. Be2 Qc7 5. 0-0 Nf6 6. Nc3 Be7 7. d4 cxd4 8. Nxd4 a6 9. b3 0-0 10. Be3 d6 11. f4 Bd7 12. h3 Nxd4 13. Bxd4 Bc6 14. Bf3 Rfe8 15. e5 Nd7 16. Bxc6 Qxc6 17. exd6 Bxd6 18. Qf3 Qxf3 19. Rxf3 e5 20. fxe5 Bxe5 21. Rd1 Rad8 22. Rfd3 Rc8 23. Bxe5 Nxe5 24. R3d2 f6 25. Nd5 Kf7 1/2-1/2

[Event "SVK-ch U2400"]
[Site "Liptovsky Jan"]
[Date "2025.06.12"]
[Round "2"]
[White "Paluska, Karol"]
[Black "Moravcik, Alex"]
[Result "1-0"]
[WhiteElo "2054"]
[BlackElo "1893"]
[PlyCount "69"]
[EventDate "2025.06.12"]
[EventType "swiss"]
[EventRounds "8"]
[EventCountry "SVK"]
[SourceTitle "CB25_2025"]
[SourceDate "2025.06.18"]
[SourceVersion "1"]
[SourceVersionDate "2025.06.18"]
[SourceQuality "1"]

1. d4 d5 2. c4 e6 3. Nf3 Nf6 4. Bg5 Be7 5. Nc3 Nbd7 6. e3 a6 7. cxd5 exd5 8. Bd3 c6 9. 0-0 0-0 10. Qc2 Re8 11. Rab1 Nf8 12. b4 g6 13. a4 Ne6 14. Bh4 Ng7 15. b5 Bf5 16. bxc6 bxc6 17. Ne5 Rc8 18. Rb7 Nd7 19. Bxf5 Nxf5 20. Rxd7 Qa5 21. Bxe7 Rxe7 22. Nxd5 Rxd7 23. Nf6+ Kg7 24. Nfxd7 Ne7 25. Qc4 Qd5 26. Qxd5 cxd5 27. Nc5 a5 28. Rb1 f6 29. Rb7 fxe5 30. Rxe7+ Kf8 31. Rxe5 Kg8 32. Rxd5 Rb8 33. g3 Rb4 34. Rd7 Rc4 35. Ra7 1-0

[Event "SVK-ch U14"]
[Site "Tatralandia"]
[Date "2025.05.14"]
[Round "5"]
[White "Moravcik, Alex"]
[Black "Pisarcik, Richard"]
[Result "1/2-1/2"]
[WhiteElo "1947"]
[BlackElo "1857"]
[PlyCount "122"]
[EventDate "2025.05.11"]
[EventType "swiss"]
[EventRounds "9"]
[EventCountry "SVK"]
[SourceTitle "CB21_2025"]
[SourceDate "2025.05.21"]
[SourceVersion "1"]
[SourceVersionDate "2025.05.21"]
[SourceQuality "1"]

1. d4 d5 2. Nf3 Nf6 3. c4 e6 4. Nc3 Be7 5. Bg5 h6 6. Bh4 0-0 7. e3 a6 8. cxd5 exd5 9. Be2 Bf5 10. Qb3 g5 11. Bg3 b5 12. a3 Nc6 13. Ne5 Na5 14. Qd1 Rc8 15. h4 Ne4 16. Nxe4 dxe4 17. hxg5 Bxg5 18. b4 Nb7 19. Bg4 Qf6 20. Nd7 Bxd7 21. Bxd7 Rcd8 22. Bg4 Nd6 23. Rc1 Nc4 24. Be2 Rxd4 25. exd4 Bd2+ 26. Qxd2 Nxd2 27. Kxd2 Qxd4+ 28. Ke1 e3 29. Rd1 exf2+ 30. Bxf2 Qf4 31. Rh4 Qf5 32. Rd3 Re8 33. Rhd4 Kh7 34. Kf1 Qe5 35. Bf3 Qg5 36. Rg4 Qf5 37. Rgd4 Qg5 38. Re4 Rxe4 39. Bxe4+ f5 40. Bf3 Qc1+ 41. Be1 Kg6 42. Rc3 Qf4 43. Rc6+ Kg7 44. Bf2 Kf7 45. Kg1 Qe5 46. Rxa6 Qa1+ 47. Kh2 Qe5+ 48. Bg3 f4 49. Bh4 c5 50. Rf6+ Kg8 51. bxc5 Qxc5 52. Rxf4 Qd6 53. Bg3 Qxa3 54. Bd5+ Kg7 55. Rf3 Qc5 56. Be5+ Kh7 57. Be4+ Kg8 58. Bb2 Qd6+ 59. Rg3+ Kf7 60. Bf3 Qf4 61. Kh3 Ke7 1/2-1/2

[Event "SVK-ch U14"]
[Site "Tatralandia"]
[Date "2025.05.11"]
[Round "1"]
[White "Slivka, Martin"]
[Black "Moravcik, Alex"]
[Result "1/2-1/2"]
[WhiteElo "1580"]
[BlackElo "1947"]
[PlyCount "115"]
[EventDate "2025.05.11"]
[EventType "swiss"]
[EventRounds "9"]
[EventCountry "SVK"]
[SourceTitle "CB21_2025"]
[SourceDate "2025.05.21"]
[SourceVersion "1"]
[SourceVersionDate "2025.05.21"]
[SourceQuality "1"]

1. d4 Nf6 2. c4 g6 3. Nc3 Bg7 4. e4 d6 5. Be2 0-0 6. Bg5 h6 7. Be3 e5 8. d5 a5 9. Qd2 Kh7 10. f3 Na6 11. g4 Ne8 12. h4 Nc5 13. h5 g5 14. Nh3 Bf6 15. 0-0 Bd7 16. b3 Ng7 17. Nf2 Be7 18. Nd3 Nxd3 19. Qxd3 Ne8 20. a3 c6 21. Kg2 Kg7 22. Rfc1 Nf6 23. Qd2 Kh7 24. Kh2 Qb8 25. a4 Rg8 26. Kg3 Bd8 27. Kg2 Bc7 28. Kg3 Qd8 29. Kg2 Ne8 30. Rab1 Bc8 31. Kg3 Bb6 32. Kg2 Bxe3 33. Qxe3 Nf6 34. Kg3 Qc7 35. Kg2 Nd7 36. Rc2 Qb8 37. Kg3 Nc5 38. Na2 Qa7 39. Nc1 Na6 40. Qxa7 Rxa7 41. Nd3 Bd7 42. c5 cxd5 43. cxd6 dxe4 44. Nxe5 Be6 45. fxe4 f6 46. Bc4 Bxc4 47. Nxc4 Nb4 48. Rd2 Raa8 49. d7 Nc6 50. Nb6 Rad8 51. Nd5 Kg7 52. Nc7 Kf7 53. Rbd1 Ne5 54. Rd6 Ke7 55. Nb5 Rxd7 56. Rxd7+ Nxd7 57. Nd6 Nc5 58. Rd5 1/2-1/2

[Event "SVK-ch U14 rapid"]
[Site "Poprad"]
[Date "2025.05.03"]
[Round "5"]
[White "Kulka, Tomas"]
[Black "Moravcik, Alex"]
[Result "0-1"]
[WhiteElo "1551"]
[BlackElo "1758"]
[PlyCount "100"]
[EventDate "2025.05.03"]
[EventType "swiss (rapid)"]
[EventRounds "7"]
[EventCountry "SVK"]
[SourceTitle "CB19_2025"]
[SourceDate "2025.05.07"]
[SourceVersion "1"]
[SourceVersionDate "2025.05.07"]
[SourceQuality "1"]

1. e4 c5 2. Nf3 Nc6 3. b3 e6 4. Bb5 Qc7 5. Bb2 a6 6. Bxc6 Qxc6 7. Nc3 d6 8. d4 cxd4 9. Nxd4 Qc7 10. Nce2 Nf6 11. Ng3 Be7 12. Nf3 0-0 13. 0-0 Bd7 14. e5 dxe5 15. Nxe5 Rad8 16. Qe2 Bb5 17. c4 Bc6 18. Nxc6 Qxc6 19. Rad1 Rfe8 20. Rfe1 Qc8 21. Bxf6 Bxf6 22. Ne4 Be7 23. g3 Qc7 24. Qf3 Rxd1 25. Rxd1 Rd8 26. Kf1 h6 27. Qe2 Rd7 28. Rxd7 Qxd7 29. Qd2 Qc6 30. Qe3 Qd7 31. Qd2 Qc6 32. Qe3 Bb4 33. Qd3 f5 34. Nd2 Bxd2 35. Qxd2 Qh1+ 36. Ke2 Qe4+ 37. Qe3 Qxe3+ 38. Kxe3 Kf7 39. b4 e5 40. a4 Ke6 41. f3 g6 42. h4 Kd6 43. g4 Kc6 44. Kd3 b6 45. Ke3 a5 46. bxa5 bxa5 47. Kd3 Kc5 48. Kc3 e4 49. gxf5 gxf5 50. f4 h5 0-1

[Event "SVK-ch U14 rapid"]
[Site "Poprad"]
[Date "2025.05.03"]
[Round "3"]
[White "Viglas, Matej"]
[Black "Moravcik, Alex"]
[Result "1/2-1/2"]
[WhiteElo "1594"]
[BlackElo "1758"]
[PlyCount "117"]
[EventDate "2025.05.03"]
[EventType "swiss (rapid)"]
[EventRounds "7"]
[EventCountry "SVK"]
[SourceTitle "CB19_2025"]
[SourceDate "2025.05.07"]
[SourceVersion "1"]
[SourceVersionDate "2025.05.07"]
[SourceQuality "1"]

1. e4 c5 2. Nc3 e6 3. f4 d6 4. Nf3 Nc6 5. Bb5 Qc7 6. Bxc6+ Qxc6 7. d3 Be7 8. 0-0 Nf6 9. Qe1 0-0 10. h3 Re8 11. Bd2 a6 12. Qg3 d5 13. e5 Nd7 14. Qh2 b5 15. Ne2 Bb7 16. c3 a5 17. Rac1 Qa6 18. Qg3 b4 19. c4 dxc4 20. dxc4 Rad8 21. Be3 Nf8 22. b3 Rd3 23. Qf2 Qc6 24. Rfd1 Red8 25. Rxd3 Rxd3 26. Rc2 Qc7 27. Rd2 Rxd2 28. Bxd2 Nd7 29. Be3 Be4 30. Ng3 Bb7 31. Ne2 Bc6 32. Nc1 Qb7 33. Nd3 Qb6 34. Kh2 Be4 35. Qe2 Bb7 36. Qf2 Qc7 37. Nb2 Nb6 38. Nd3 Nd7 39. Nb2 Be4 40. Nd1 Qb7 41. Nb2 Bc6 42. Qe2 Bxf3 43. Qxf3 Qxf3 44. gxf3 f6 45. exf6 Bxf6 46. Na4 Be7 47. Kg3 Kf7 48. Kf2 Kf6 49. Kg3 g6 50. Bg1 h5 51. h4 Kf7 52. Bf2 Ke8 53. Be3 Kd8 54. Nb2 Bf6 55. Nd3 Be7 56. Ne5 Nxe5 57. fxe5 Kc7 58. f4 Kc6 59. Bg1 1/2-1/2

[Event "EU Union-ch U12"]
[Site "Roznov pod Radhostem"]
[Date "2024.08.08"]
[Round "4"]
[White "Sabou, Stefania Theodora"]
[Black "Moravcik, Alex"]
[Result "1/2-1/2"]
[WhiteElo "1781"]
[BlackElo "1762"]
[PlyCount "63"]
[EventDate "2024.08.05"]
[EventType "swiss"]
[EventRounds "9"]
[EventCountry "CZE"]
[SourceTitle "EXT 2025"]
[Source "ChessBase"]
[SourceDate "2024.10.14"]
[SourceVersion "1"]
[SourceVersionDate "2024.10.14"]
[SourceQuality "1"]

1. c4 Nf6 2. Nc3 g6 3. g3 Bg7 4. Bg2 0-0 5. e4 e5 6. Nge2 Nc6 7. 0-0 d6 8. d3 Be6 9. a3 a5 10. f4 Qc8 11. Bd2 Bg4 12. Qc2 Nh5 13. Rae1 exf4 14. Bxf4 Nxf4 15. gxf4 Nd4 16. Nxd4 Bxd4+ 17. Kh1 c6 18. Qd2 Bg7 19. f5 f6 20. Qf4 Bh5 21. d4 Qd7 22. Qh4 Qe8 23. Qg3 Qd7 24. Bh3 Qe7 25. Qh4 Qe8 26. Qf4 Qd7 27. Qg3 Qe7 28. Bg4 Bxg4 29. Qxg4 g5 30. Qh5 Rfe8 31. Qf3 Qf7 32. Qd3 1/2-1/2

[Event "EU Union-ch U12"]
[Site "Roznov pod Radhostem"]
[Date "2024.08.06"]
[Round "2"]
[White "Moravcik, Alex"]
[Black "Kala, Jakub"]
[Result "0-1"]
[WhiteElo "1762"]
[BlackElo "1949"]
[PlyCount "166"]
[EventDate "2024.08.05"]
[EventType "swiss"]
[EventRounds "9"]
[EventCountry "CZE"]
[SourceTitle "EXT 2025"]
[Source "ChessBase"]
[SourceDate "2024.10.14"]
[SourceVersion "1"]
[SourceVersionDate "2024.10.14"]
[SourceQuality "1"]

1. e4 c6 2. d4 d5 3. Nc3 dxe4 4. Nxe4 Bf5 5. Ng3 Bg6 6. h4 h6 7. Nf3 Nd7 8. h5 Bh7 9. Bd3 Bxd3 10. Qxd3 Ngf6 11. Bd2 e6 12. 0-0-0 Bd6 13. Ne4 Nxe4 14. Qxe4 Nf6 15. Qe2 Qc7 16. Kb1 0-0-0 17. c4 Kb8 18. Bc3 Rhe8 19. Ne5 Re7 20. f4 Nd7 21. g3 Ka8 22. Rhe1 Nb8 23. Qg4 f5 24. Qe2 Bxe5 25. Qxe5 Qxe5 26. Rxe5 Nd7 27. Re3 Nf6 28. Rh1 Ne4 29. Kc2 b6 30. Rhe1 Rg8 31. Rxe4 fxe4 32. Rxe4 Ree8 33. Re3 Kb7 34. Kc1 Kc7 35. Bb4 Kd7 36. Re5 a5 37. Ba3 g6 38. b3 gxh5 39. Rxh5 Rg6 40. g4 Reg8 41. f5 exf5 42. Rxf5 Rxg4 43. Rf7+ Kc8 44. Bd6 R8g7 45. Rf8+ Kd7 46. c5 b5 47. Rf6 R4g6 48. Rf8 h5 49. Rh8 Rg1+ 50. Kc2 Rh1 51. Kd3 h4 52. Ra8 Ke6 53. Re8+ Kd7 54. Ra8 Rhg1 55. Rh8 R1g4 56. Rh6 R7g6 57. Rh7+ Ke6 58. Re7+ Kf5 59. Re5+ Kf6 60. Rh5 R6g5 61. Rh7 Rg6 62. Be7+ Ke6 63. Bd6 Kf5 64. Rh5+ R6g5 65. Rh6 Rg7 66. Be5 R7g6 67. Rh5+ Ke6 68. Bd6 Rf6 69. Ke3 a4 70. bxa4 bxa4 71. Rh7 Kd5 72. Be5 Re4+ 73. Kd3 Rf3+ 74. Kd2 h3 75. Rg7 Kc4 76. Rg1 Rd3+ 77. Kc1 Re2 78. Kb1 Rdd2 79. Rc1+ Kd5 80. Rg1 Rb2+ 81. Ka1 Rxa2+ 82. Kb1 Reb2+ 83. Kc1 Ra1+ 0-1

[Event "Piestany Slovakia op-B"]
[Site "Piestany"]
[Date "2024.07.16"]
[Round "8"]
[White "Moravcik, Alex"]
[Black "Panko, Radoslav"]
[Result "0-1"]
[WhiteElo "1816"]
[BlackElo "2020"]
[PlyCount "128"]
[EventDate "2024.07.09"]
[EventType "swiss"]
[EventRounds "9"]
[EventCountry "SVK"]
[SourceTitle "EXT 2025"]
[Source "ChessBase"]
[SourceDate "2024.10.14"]
[SourceVersion "1"]
[SourceVersionDate "2024.10.14"]
[SourceQuality "1"]

1. d4 d6 2. e4 Nf6 3. Nc3 c6 4. f4 Qa5 5. Bd3 e5 6. Nf3 Bg4 7. Be3 Nbd7 8. 0-0 Be7 9. h3 Bh5 10. Qe1 Bxf3 11. Rxf3 h5 12. a3 Qc7 13. b4 a6 14. Rf1 h4 15. Qf2 Rh7 16. d5 g6 17. a4 cxd5 18. Nxd5 Nxd5 19. exd5 f5 20. c4 e4 21. Be2 Kf7 22. Rac1 b6 23. Rc2 Rhh8 24. Bd4 Rhc8 25. Rfc1 a5 26. b5 Qd8 27. Kh2 Bf6 28. Be3 Rab8 29. Rg1 Qh8 30. Rd1 Qh6 31. Rf1 Rg8 32. Rcc1 Bb2 33. Rb1 Ba3 34. Qe1 Bc5 35. Bc1 Ke7 36. Bd1 Bd4 37. Bf3 Kd8 38. Bd1 Qh8 39. Be2 Qf6 40. Bd1 Kc7 41. Bd2 Rg7 42. Bc2 Kb7 43. Bd1 Rbg8 44. Bc2 Nc5 45. Qe2 Qe7 46. Rbe1 Qf6 47. Rb1 Re7 48. Bc1 Nd7 49. Rb3 Qh8 50. Rb1 Nf6 51. Qe1 Bc3 52. Qf2 Bd4 53. Qe1 Ne8 54. Bd2 Qf6 55. Rb3 Ng7 56. Bd1 Nh5 57. Bxh5 gxh5 58. Be3 Reg7 59. Rf2 Rg3 60. Qe2 Bxe3 61. Rxe3 Qd4 62. Qxh5 Qxe3 63. Qf7+ Ka8 64. Qd7 Rxh3+ 0-1

[Event "Piestany Slovakia op-B"]
[Site "Piestany"]
[Date "2024.07.11"]
[Round "3"]
[White "Hamar, Jakub"]
[Black "Moravcik, Alex"]
[Result "1/2-1/2"]
[WhiteElo "1522"]
[BlackElo "1816"]
[PlyCount "66"]
[EventDate "2024.07.09"]
[EventType "swiss"]
[EventRounds "9"]
[EventCountry "SVK"]
[SourceTitle "EXT 2025"]
[Source "ChessBase"]
[SourceDate "2024.10.14"]
[SourceVersion "1"]
[SourceVersionDate "2024.10.14"]
[SourceQuality "1"]

1. e4 c5 2. Nf3 Nc6 3. d4 cxd4 4. Nxd4 e6 5. Nb5 d6 6. c4 a6 7. N5a3 Nf6 8. Nc3 Qc7 9. Be2 Be7 10. 0-0 0-0 11. Be3 Bd7 12. Rc1 Rfd8 13. Qd2 Ne5 14. f3 Rac8 15. g4 Bc6 16. h4 Ne8 17. f4 Nd7 18. g5 Bf8 19. h5 f5 20. exf5 exf5 21. Bf3 Bxf3 22. Rxf3 Nc5 23. Qd5+ Qf7 24. Qxf7+ Kxf7 25. Bxc5 dxc5 26. Nd5 Rc6 27. Re3 Bd6 28. Rce1 g6 29. hxg6+ hxg6 30. Rd3 Nc7 31. Nxc7 Bxc7 32. Rxd8 Bxd8 33. Kf2 Bc7 1/2-1/2

[Event "SVK-ch U2300"]
[Site "Liptovsky Jan"]
[Date "2024.06.18"]
[Round "8"]
[White "Korenova, Simona"]
[Black "Moravcik, Alex"]
[Result "1-0"]
[WhiteElo "1972"]
[BlackElo "1818"]
[PlyCount "49"]
[EventDate "2024.06.15"]
[EventType "swiss"]
[EventRounds "8"]
[EventCountry "SVK"]
[SourceTitle "CBM 220 Extra"]
[Source "ChessBase"]
[SourceDate "2024.07.31"]
[SourceVersion "1"]
[SourceVersionDate "2024.07.31"]
[SourceQuality "1"]

1. c4 Nf6 2. d4 g6 3. Nc3 Bg7 4. e4 d6 5. Be2 0-0 6. Be3 e5 7. d5 a5 8. g4 Nbd7 9. g5 Ne8 10. h4 f6 11. Qd2 Nc5 12. h5 f5 13. exf5 Bxf5 14. hxg6 Bxg6 15. Nf3 Ne4 16. Nxe4 Bxe4 17. Rh3 Qd7 18. Rg3 Qa4 19. Nh4 Qc2 20. Qxc2 Bxc2 21. Bg4 Bh8 22. Be6+ Kg7 23. f4 Rxf4 24. Bxf4 exf4 25. Rg4 1-0

[Event "SVK-ch U12"]
[Site "Tatralandia"]
[Date "2024.04.11"]
[Round "8"]
[White "Moravcik, Alex"]
[Black "Livnansky, Tomas"]
[Result "1-0"]
[WhiteElo "1713"]
[BlackElo "1762"]
[PlyCount "95"]
[EventDate "2024.04.05"]
[EventType "swiss"]
[EventRounds "9"]
[EventCountry "SVK"]
[SourceTitle "CBM 219 Extra"]
[Source "ChessBase"]
[SourceDate "2024.05.31"]
[SourceVersion "1"]
[SourceVersionDate "2024.05.31"]
[SourceQuality "1"]

1. e4 c5 2. Nf3 Nc6 3. d4 cxd4 4. Nxd4 g6 5. Be3 Bg7 6. Nc3 Nf6 7. f3 0-0 8. Bc4 Qa5 9. Qd2 Qb4 10. Bb3 Nxd4 11. Qxd4 Qxd4 12. Bxd4 d6 13. 0-0-0 Bd7 14. e5 dxe5 15. Bxe5 Bc6 16. Rd3 Bh6+ 17. Kb1 Nd7 18. Bd4 b6 19. Nd5 Bxd5 20. Bxd5 Rac8 21. Rc3 Bg7 22. Rxc8 Rxc8 23. Bf2 e6 24. Bb7 Rc7 25. Ba6 Nc5 26. Bb5 Kf8 27. Rd1 Ke7 28. Bg3 e5 29. Re1 a6 30. Bc4 b5 31. Bf1 f6 32. Bf2 f5 33. Bh4+ Ke6 34. g4 Rd7 35. gxf5+ gxf5 36. Bh3 Rd4 37. Bf2 Rd5 38. Bf1 Nd7 39. Be3 Nb8 40. c4 Rd7 41. cxb5 axb5 42. Bxb5 Rb7 43. Bc4+ Kd7 44. Rd1+ Ke8 45. Bg5 Nd7 46. Bd5 Rb6 47. Bb3 Nc5 48. Rd8# 1-0

[Event "SVK-ch U12"]
[Site "Tatralandia"]
[Date "2024.04.08"]
[Round "5"]
[White "Priscak, Richard"]
[Black "Moravcik, Alex"]
[Result "0-1"]
[WhiteElo "1000"]
[BlackElo "1713"]
[PlyCount "118"]
[EventDate "2024.04.05"]
[EventType "swiss"]
[EventRounds "9"]
[EventCountry "SVK"]
[SourceTitle "CBM 219 Extra"]
[Source "ChessBase"]
[SourceDate "2024.05.31"]
[SourceVersion "1"]
[SourceVersionDate "2024.05.31"]
[SourceQuality "1"]

1. e4 c5 2. Nf3 Nc6 3. d4 cxd4 4. Nxd4 Nf6 5. Nc3 e6 6. Bc4 Qc7 7. 0-0 Be7 8. Re1 0-0 9. Be3 a6 10. h3 d6 11. Qd2 b5 12. Bb3 b4 13. Nce2 Nxe4 14. Qd1 d5 15. c3 bxc3 16. Nxc3 Nxc3 17. bxc3 Na5 18. Bd2 Nc4 19. Bxc4 Qxc4 20. Qg4 e5 21. Nf5 Bxf5 22. Qxf5 Bf6 23. Bg5 Bxg5 24. Qxg5 f6 25. Qe3 Rfc8 26. Rec1 Rab8 27. Qd2 Rb5 28. a4 Rb3 29. g3 Kh8 30. Rab1 g6 31. Rxb3 Qxb3 32. Qc2 Qxc2 33. Rxc2 d4 34. Kf1 e4 35. Ke1 dxc3 36. Ke2 Rc4 37. a5 Kg7 38. Ke3 f5 39. f3 g5 40. fxe4 fxe4 41. h4 h6 42. hxg5 hxg5 43. g4 Kf6 44. Rf2+ Ke5 45. Rf1 c2 46. Kd2 c1Q+ 47. Rxc1 Rxc1 48. Kxc1 Kf4 49. Kd2 Kf3 50. Ke1 Ke3 51. Kd1 Kf2 52. Kd2 e3+ 53. Kc3 e2 54. Kb4 e1Q+ 55. Ka4 Qb1 56. Ka3 Ke3 57. Ka4 Kd4 58. Ka3 Kc4 59. Ka4 Qa1# 0-1

[Event "SVK-ch U12"]
[Site "Tatralandia"]
[Date "2024.04.07"]
[Round "3"]
[White "Kopecny, Filip"]
[Black "Moravcik, Alex"]
[Result "1/2-1/2"]
[WhiteElo "1879"]
[BlackElo "1713"]
[PlyCount "68"]
[EventDate "2024.04.05"]
[EventType "swiss"]
[EventRounds "9"]
[EventCountry "SVK"]
[SourceTitle "CBM 219 Extra"]
[Source "ChessBase"]
[SourceDate "2024.05.31"]
[SourceVersion "1"]
[SourceVersionDate "2024.05.31"]
[SourceQuality "1"]

1. d4 Nf6 2. c4 g6 3. Nf3 Bg7 4. g3 0-0 5. Bg2 d6 6. 0-0 Nbd7 7. Nc3 e5 8. e3 c6 9. Qc2 Qc7 10. b4 Rd8 11. Bb2 Nf8 12. Rad1 Bf5 13. e4 Bg4 14. Ne2 exd4 15. Nexd4 Ne6 16. Nxe6 Bxe6 17. e5 dxe5 18. Bxe5 Qe7 19. a3 Rxd1 20. Rxd1 Rd8 21. Re1 Qd7 22. c5 Qd3 23. Qb2 Ne8 24. Ng5 Bd5 25. Bxg7 Nxg7 26. Be4 Bxe4 27. Nxe4 h5 28. Nf6+ Kf8 29. Qe5 Ne6 30. Nh7+ Kg8 31. Nf6+ Kf8 32. Nh7+ Kg8 33. Nf6+ Kf8 34. Nh7+ Kg8 1/2-1/2

[Event "SVK-ch Amateurs"]
[Site "Liptovsky Jan"]
[Date "2023.06.15"]
[Round "1"]
[White "Klimes, Milan"]
[Black "Moravcik, Alex"]
[Result "1-0"]
[WhiteElo "1810"]
[BlackElo "1136"]
[PlyCount "87"]
[EventDate "2023.06.15"]
[EventType "swiss"]
[EventRounds "8"]
[EventCountry "SVK"]
[SourceTitle "CBM 214 Extra"]
[Source "ChessBase"]
[SourceDate "2023.07.31"]
[SourceVersion "1"]
[SourceVersionDate "2023.07.31"]
[SourceQuality "1"]

1. e4 e6 2. d4 d5 3. e5 c5 4. Nf3 cxd4 5. Nxd4 Nc6 6. Bb5 Bd7 7. Bxc6 Bxc6 8. 0-0 Bc5 9. c3 Ne7 10. Qg4 0-0 11. Bg5 Qd7 12. h4 Bxd4 13. cxd4 Nf5 14. Nc3 h6 15. Bd2 Qe7 16. g3 Kh8 17. Rad1 Rac8 18. a3 Bd7 19. Ne2 Bb5 20. Rfe1 Bxe2 21. Rxe2 Qd7 22. Bc3 Qa4 23. Red2 Qa6 24. Qh3 Rg8 25. g4 Ne7 26. Qf3 Rgf8 27. Rd3 f6 28. Qg3 f5 29. g5 Qc6 30. f4 Qe8 31. R1d2 h5 32. Bb4 g6 33. Rc3 Qd7 34. Rdc2 Rxc3 35. Rxc3 Rc8 36. Rxc8+ Nxc8 37. Qc3 Nb6 38. Qc5 Qf7 39. Qd6 Nc4 40. Qd8+ Kg7 41. b3 Nb2 42. Be7 Qg8 43. Bf6+ Kh7 44. Qe7+ 1-0

[Event "SVK-ch U12"]
[Site "Dudince"]
[Date "2023.04.20"]
[Round "6"]
[White "Strapec, Tomas"]
[Black "Moravcik, Alex"]
[Result "1/2-1/2"]
[WhiteElo "1000"]
[BlackElo "1082"]
[PlyCount "94"]
[EventDate "2023.04.16"]
[EventType "swiss"]
[EventRounds "9"]
[EventCountry "SVK"]
[SourceTitle "CBM 213 Extra"]
[Source "ChessBase"]
[SourceDate "2023.05.31"]
[SourceVersion "1"]
[SourceVersionDate "2023.05.31"]
[SourceQuality "1"]

1. d4 Nf6 2. Nf3 d5 3. g3 Bg4 4. Bg2 e6 5. 0-0 c5 6. dxc5 Bxc5 7. c4 0-0 8. Ne5 Nc6 9. Nxc6 bxc6 10. Nc3 Qe7 11. Bg5 h6 12. Bf4 Rad8 13. Qa4 d4 14. Ne4 Nxe4 15. Bxe4 Bxe2 16. Rfe1 d3 17. Bxc6 Bb4 18. Reb1 d2 19. a3 Bd6 20. Bxd2 Be5 21. Bb4 Bd6 22. Bxd6 Qxd6 23. Re1 Bg4 24. c5 Qxc5 25. Rec1 Qd4 26. Rc4 Qd2 27. Qb4 Qxb4 28. Rxb4 Rc8 29. Rxg4 Rxc6 30. Ra4 a6 31. b4 Kh7 32. Kg2 g5 33. h3 Rb6 34. Rc1 Rd8 35. Rc5 Rdd6 36. Rca5 f5 37. Kf3 Kg7 38. g4 fxg4+ 39. hxg4 Kg6 40. Kg3 Rd3+ 41. f3 Rdd6 42. Rc5 Rbc6 43. Rxc6 Rxc6 44. Ra5 Rd6 45. a4 Rb6 46. b5 axb5 47. axb5 Kf6 1/2-1/2

[Event "SVK-ch U12"]
[Site "Dudince"]
[Date "2023.04.19"]
[Round "5"]
[White "Moravcik, Alex"]
[Black "Zelenka, Matej"]
[Result "1/2-1/2"]
[WhiteElo "1082"]
[BlackElo "1535"]
[PlyCount "115"]
[EventDate "2023.04.16"]
[EventType "swiss"]
[EventRounds "9"]
[EventCountry "SVK"]
[SourceTitle "CBM 213 Extra"]
[Source "ChessBase"]
[SourceDate "2023.05.31"]
[SourceVersion "1"]
[SourceVersionDate "2023.05.31"]
[SourceQuality "1"]

1. d4 d6 2. c4 c6 3. Nc3 Nd7 4. e4 Qc7 5. Nf3 e5 6. Be2 Ngf6 7. 0-0 Be7 8. h3 0-0 9. Be3 Rd8 10. Qc2 Nf8 11. Rad1 Be6 12. d5 cxd5 13. cxd5 Bd7 14. Qd2 Ng6 15. Rc1 Rdc8 16. Nb5 Qb8 17. Rxc8+ Bxc8 18. Rc1 Bd8 19. Bxa7 Nxe4 20. Qe3 Rxa7 21. Nxa7 Bf5 22. g4 Bd7 23. Qxe4 Qxa7 24. a3 Nf4 25. Bf1 Bb6 26. Qc2 g6 27. Qd2 e4 28. Nd4 Bxd4 29. Qxf4 e3 30. Rc7 exf2+ 31. Kg2 Be8 32. Rc8 Qa4 33. b3 Qd7 34. Rxe8+ Qxe8 35. Qxd4 Qa8 36. Qxf2 Qxa3 37. Bc4 Qa1 38. Qf1 Qb2+ 39. Qe2 Qd4 40. Qd3 Qb2+ 41. Kg3 Qe5+ 42. Kg2 Qb2+ 43. Qe2 Qd4 44. Qf2 Qe5 45. h4 Qe4+ 46. Qf3 Qc2+ 47. Kh3 Qd2 48. Qg3 Qd1 49. Kh2 Qd2+ 50. Qg2 Qd4 51. Be2 Qe5+ 52. Kh3 Qe3+ 53. Qf3 Qc1 54. Kg2 Qh6 55. h5 Qg7 56. Qg3 Qb2 57. Qf3 Qd4 58. Kh2 1/2-1/2

[Event "SVK-ch U12"]
[Site "Dudince"]
[Date "2023.04.17"]
[Round "2"]
[White "Diachenko, Mykhailo"]
[Black "Moravcik, Alex"]
[Result "1/2-1/2"]
[WhiteElo "1104"]
[BlackElo "1082"]
[PlyCount "118"]
[EventDate "2023.04.16"]
[EventType "swiss"]
[EventRounds "9"]
[EventCountry "SVK"]
[SourceTitle "CBM 213 Extra"]
[Source "ChessBase"]
[SourceDate "2023.05.31"]
[SourceVersion "1"]
[SourceVersionDate "2023.05.31"]
[SourceQuality "1"]

1. e4 e6 2. d4 d5 3. Nc3 Bb4 4. Bd2 Bxc3 5. bxc3 dxe4 6. Qg4 g6 7. Qxe4 Nf6 8. Qf3 Nbd7 9. Ne2 Qe7 10. Bh6 Nd5 11. Bd2 Qf6 12. Nf4 Nxf4 13. Bxf4 e5 14. Bxe5 Qxf3 15. gxf3 Nxe5 16. dxe5 b6 17. Bb5+ Bd7 18. Bxd7+ Kxd7 19. 0-0-0+ Ke6 20. f4 Rad8 21. Rd4 Rxd4 22. cxd4 Kf5 23. Kd2 Kxf4 24. Ke2 Rd8 25. c3 c5 26. h3 Kf5 27. Rd1 cxd4 28. cxd4 a5 29. Rd3 b5 30. Kd2 b4 31. Rf3+ Ke6 32. Rf6+ Ke7 33. Kd3 Rc8 34. Ra6 Rc3+ 35. Ke4 Rxh3 36. Rxa5 Rh2 37. f3 Rc2 38. Kd5 h5 39. Ra7+ Ke8 40. Kd6 Rc8 41. e6 fxe6 42. Kxe6 Rc6+ 43. Ke5 Kd8 44. d5 Rc7 45. Ra6 Rc3 46. Rxg6 Rxf3 47. Kd6 Rf8 48. Rh6 Kc8 49. Rxh5 Rf6+ 50. Kc5 Ra6 51. Kxb4 Rxa2 52. Kc5 Rc2+ 53. Kd6 Rd2 54. Re5 Kd8 55. Rf5 Ke8 56. Ke6 Re2+ 57. Re5 Rxe5+ 58. Kxe5 Ke7 59. d6+ Kd8 1/2-1/2